000 01165nas a2200385 4500
001 BR8801543
003 BR-BrBNA
005 20231205091055.0
007 ta
008 230509b bl.|||p| |||| 00| 00por d
040 _aBR-BrBNA
_bpor
_cBiblioteca Nacional de Agricultura
041 _a(Pt)
072 _aF08; L02
100 1 _aLeite, V.B. de O.
100 1 _aAbramides, P.L.G.
100 1 _aWerner, J.C.
100 1 _aAlcantara, P.B.
100 1 _aBianchine, D.
100 1 _aBraun, G.
245 1 _aProdutividade de pastagens consorciadas na regiao do cerrado central do Estado de Sao Paulo. 1. Composicao botanica, quantidade e qualidade da forragem
650 _aCAPIM GORDURA
650 _aCAPIM MARANGA
650 _aCAPIM COLONIAO
650 _aCAPIM PANGOLA
650 _aSTILOSANTE
650 _aSIRATRO
650 _aCENTROSEMA
650 _aGUANDU
650 _aCONSORCIACAO DE CULTURA
650 _aRENDIMENTO
650 _aPASTEJO
773 0 _tBoletim de Industria Animal (Brazil)
_xISSN 0067-9615
_g(Jul-Dec 1985), v. 42(2) p. 209-226
_wBR8801543
909 _a202311
_bLúcia
_c55
_dLúcia Elande
942 _2AGRIS
_n0
_cANA
999 _c122578
_d122578